000 01114nab a22002777a 4500
999 _c6424
_d6424
003 OSt
005 20260202201354.0
008 190506c xxu||||| |||| 00| 0 spa d
040 _cPJ
100 _91439
_aGrisolia, Julio Armando
245 1 0 _aLa justicia y los jueces ante la nueva realidad /
_cJulio A. Grisolia.
260 _aBuenos Aires :
_bAbeledoPerrot,
_c2023.
300 _ap. 3-5
500 _aCita: TR LALEY AR/DOC/2241/2023
505 _aSumario: I. Una nueva realidad.— II. La justicia ante la nueva realidad.— III. Los jueces ante la nueva realidad.
505 _t¿Te interesa el texto completo? Comunicate al correo: koha@justierradelfuego.gov.ar
650 0 _91316
_aDERECHO LABORAL
650 0 _9217
_aPODER JUDICIAL
650 0 _9289
_aTECNOLOGIA DE LA INFORMACION
650 0 _96081
_aCIENCIA Y TECNOLOGÍA
650 0 _95817
_aINTELIGENCIA ARTIFICIAL
650 0 _9273
_aDERECHO INFORMATICO
650 0 _92062
_aABOGADOS
773 0 _02751
_93202
_dBuenos Aires : AbeledoPerrot, 2013-
_tRevista de derecho laboral y seguridad social. Nº 24 - Diciembre 2023
942 _2udc
_cANA